[Event "Mexico City UNAM Final (Women)"]
[Site "Mexico City"]
[Date "2012.11.25"]
[Round "2"]
[White "Ordaz Valdes, Lisandra Teresa"]
[Black "Alexandrova, Olga"]
[Result "1/2-1/2"]
[WhiteElo "2350"]
[BlackElo "2409"]
[PlyCount "61"]
[EventDate "2012.11.25"]
[EventType "match (rapid)"]
[EventRounds "5"]
[EventCountry "MEX"]
[SourceTitle "CBM 151 Extra"]
[Source "ChessBase"]
[SourceDate "2012.12.18"]
[SourceVersion "1"]
[SourceVersionDate "2012.12.18"]
[SourceQuality "1"]

1. d4 Nf6 2. c4 e6 3. Nc3 Bb4 4. Qc2 d5 5. a3 Bxc3+ 6. Qxc3 dxc4 7. Qxc4 b6 8. Bg5 Ba6 9. Qc3 0-0 10. Nf3 Nbd7 11. Ne5 Nxe5 12. dxe5 Ne4 13. Bxd8 Nxc3 14. Bh4 Ne4 15. 0-0-0 g5 16. Bg3 Rfd8 17. e3 Rxd1+ 18. Kxd1 Rd8+ 19. Kc1 Bxf1 20. Rxf1 h5 21. f3 Nxg3 22. hxg3 Kg7 23. Kc2 Kg6 24. e4 Rd4 25. Kc3 c5 26. b4 h4 27. bxc5 bxc5 28. Rh1 h3 29. Rxh3 Rd1 30. Kb2 Ra1 31. Kc3 1/2-1/2

[Event "Mexico City UNAM Final (Women)"]
[Site "Mexico City"]
[Date "2012.11.25"]
[Round "3"]
[White "Ordaz Valdes, Lisandra Teresa"]
[Black "Alexandrova, Olga"]
[Result "1/2-1/2"]
[WhiteElo "2350"]
[BlackElo "2409"]
[PlyCount "82"]
[EventDate "2012.11.25"]
[EventType "match (rapid)"]
[EventRounds "5"]
[EventCountry "MEX"]
[SourceTitle "CBM 151 Extra"]
[Source "ChessBase"]
[SourceDate "2012.12.18"]
[SourceVersion "1"]
[SourceVersionDate "2012.12.18"]
[SourceQuality "1"]

1. d4 Nf6 2. c4 e6 3. Nf3 Bb4+ 4. Bd2 Qe7 5. a3 Bxd2+ 6. Qxd2 a5 7. Nc3 d6 8. e4 e5 9. d5 0-0 10. Bd3 Nbd7 11. 0-0 Nc5 12. Bc2 a4 13. Ne1 Bd7 14. f3 Rfb8 15. Nd3 Nxd3 16. Bxd3 c6 17. Kh1 Qd8 18. Bc2 cxd5 19. cxd5 Qb6 20. Rab1 Bb5 21. Rfc1 Nd7 22. Nxb5 Qxb5 23. Bd3 Qb6 24. Qb4 Qxb4 25. axb4 Rc8 26. Bb5 Nb6 27. Kg1 Kf8 28. Kf2 Ke7 29. Ke2 Kd8 30. Rxc8+ Rxc8 31. Kd3 f5 32. Ra1 fxe4+ 33. fxe4 Ra8 34. Ra3 Ke7 35. Rc3 Kd8 36. Ra3 Ke7 37. g3 Rf8 38. Ke3 Ra8 39. Rc3 Kd8 40. Ra3 Ke7 41. Rc3 h6 1/2-1/2

[Event "Mexico City UNAM Final (Women)"]
[Site "Mexico City"]
[Date "2012.11.25"]
[Round "5"]
[White "Ordaz Valdes, Lisandra Teresa"]
[Black "Alexandrova, Olga"]
[Result "0-1"]
[WhiteElo "2350"]
[BlackElo "2409"]
[PlyCount "65"]
[EventDate "2012.11.25"]
[EventType "match (rapid)"]
[EventRounds "5"]
[EventCountry "MEX"]
[SourceTitle "CBM 151 Extra"]
[Source "ChessBase"]
[SourceDate "2012.12.18"]
[SourceVersion "1"]
[SourceVersionDate "2012.12.18"]
[SourceQuality "1"]

1. Nf3 Nf6 2. c4 c5 3. d4 cxd4 4. Nxd4 e6 5. Nc3 a6 6. a3 d5 7. e3 Be7 8. cxd5 Nxd5 9. Ne4 0-0 10. Bd3 Nd7 11. 0-0 N7f6 12. Ng3 b5 13. b4 Bb7 14. Bb2 Nb6 15. Rc1 Rc8 16. Rxc8 Qxc8 17. e4 Nc4 18. Ba1 Rd8 19. Qe2 Ne5 20. Bb1 Ng6 21. Ba2 Nf4 22. Qe3 Qb8 23. h3 g6 24. Bb3 e5 25. Ndf5 Bf8 26. Qb6 Nxe4 27. Nxe4 Bxe4 28. Qxb8 Rxb8 29. Ng3 Bd3 30. Bxe5 Bxf1 31. Bxb8 Ne2+ 32. Nxe2 Bxe2 33. Kh2 0-1

[Event "Mexico City UNAM Prelim-A (Women)"]
[Site "Mexico City"]
[Date "2012.11.18"]
[Round "3"]
[White "Alexandrova, Olga"]
[Black "Nakhbayeva, Guliskhan"]
[Result "1-0"]
[WhiteElo "2409"]
[BlackElo "2334"]
[PlyCount "125"]
[EventDate "2012.11.16"]
[EventType "tourn (rapid)"]
[EventRounds "20"]
[EventCountry "MEX"]
[SourceTitle "CBM 151 Extra"]
[Source "ChessBase"]
[SourceDate "2012.12.18"]
[SourceVersion "1"]
[SourceVersionDate "2012.12.18"]
[SourceQuality "1"]

1. d4 Nf6 2. c4 e6 3. Nf3 Bb4+ 4. Bd2 a5 5. Nc3 d6 6. e3 Nbd7 7. Qc2 e5 8. a3 Bxc3 9. Bxc3 Qe7 10. Be2 0-0 11. 0-0 e4 12. Nd2 d5 13. b4 a4 14. b5 Re8 15. Bb4 Qe6 16. Rfc1 c6 17. cxd5 cxd5 18. Qc7 Nf8 19. Qd6 Qf5 20. Nf1 Ng6 21. Rc7 h5 22. Rac1 h4 23. h3 Qg5 24. Kh2 Nf8 25. Re7 Ng6 26. Rxe8+ Nxe8 27. Qb6 Nf4 28. exf4 Qxf4+ 29. Kg1 Qxc1 30. Qd8 Bg4 31. Qxa8 Bxe2 32. Qxe8+ Kh7 33. Qxf7 Qxf1+ 34. Kh2 Bf3 35. Qf5+ Kh8 36. Qg5 Qxf2 37. Bd6 Bxg2 38. Qxg2 Qxd4 39. Qe2 Kg8 40. Qc2 Qf6 41. Qc8+ Kh7 42. Bc5 Qf4+ 43. Kg2 Qg3+ 44. Kf1 Qf3+ 45. Ke1 e3 46. Qf8 Qxh3 47. Qf4 Qh1+ 48. Ke2 Qg2+ 49. Kxe3 Qg1+ 50. Qf2 Qc1+ 51. Kd4 Qc4+ 52. Ke5 Qe4+ 53. Kd6 h3 54. Be3 Kg8 55. Bf4 Qf5 56. Qg3 d4 57. Be5 g5 58. Bxd4 g4 59. Be5 Qf3 60. Qh4 Qd3+ 61. Ke6 Qg6+ 62. Bf6 g3 63. Qh8# 1-0

[Event "Mexico City UNAM Prelim-A (Women)"]
[Site "Mexico City"]
[Date "2012.11.17"]
[Round "2"]
[White "Pina Vega, Sulennis"]
[Black "Alexandrova, Olga"]
[Result "0-1"]
[WhiteElo "2332"]
[BlackElo "2409"]
[PlyCount "158"]
[EventDate "2012.11.16"]
[EventType "tourn (rapid)"]
[EventRounds "20"]
[EventCountry "MEX"]
[SourceTitle "CBM 151 Extra"]
[Source "ChessBase"]
[SourceDate "2012.12.18"]
[SourceVersion "1"]
[SourceVersionDate "2012.12.18"]
[SourceQuality "1"]

1. e4 c6 2. d3 d5 3. Nd2 e5 4. Ngf3 Qc7 5. g3 Nf6 6. Bg2 Bc5 7. 0-0 0-0 8. h3 Re8 9. Qe2 dxe4 10. dxe4 b6 11. Nc4 Ba6 12. b3 Nbd7 13. Nh4 Bd4 14. Rb1 Nc5 15. Bg5 Nfd7 16. Bd2 Ne6 17. b4 b5 18. Na3 Bb6 19. c3 Rad8 20. Nc2 Nf6 21. Rfd1 Bc8 22. Nf5 a6 23. Kh1 c5 24. a3 Bb7 25. Rf1 c4 26. Rbe1 Qd7 27. Be3 Bxe3 28. Qxe3 Qd3 29. Re2 Qxe3 30. Rxe3 Rd2 31. Ne1 g6 32. Nf3 Rdd8 33. Nh6+ Kg7 34. Ng4 Nxg4 35. hxg4 f6 36. Ra1 Bc6 37. Kg1 Ng5 38. Nxg5 fxg5 39. Bf1 a5 40. a4 bxa4 41. Bxc4 axb4 42. cxb4 Rd4 43. Bd5 Bxd5 44. exd5 Rxb4 45. d6 Kf6 46. Rc1 Rd4 47. Rc6 Ke6 48. Ra6 Rxg4 49. Ra5 Kxd6 50. Ra3 Rc8 51. R5xa4 Rxa4 52. Rxa4 h5 53. Ra7 Ke6 54. Ra6+ Kf5 55. Ra7 h4 56. Ra4 hxg3 57. fxg3 e4 58. Kf2 Rc2+ 59. Ke3 Rc3+ 60. Kf2 Rc2+ 61. Ke3 Rg2 62. Ra5+ Kg4 63. Kxe4 Rxg3 64. Ra1 Rg2 65. Ke3 Kg3 66. Ra5 g4 67. Rg5 Rg1 68. Rxg6 Re1+ 69. Kd2 Re8 70. Rg7 Kf3 71. Rf7+ Kg2 72. Rg7 g3 73. Rf7 Kg1 74. Rg7 g2 75. Rf7 Re5 76. Rf6 Kh2 77. Rh6+ Kg3 78. Rg6+ Kf3 79. Rf6+ Kg4 0-1

[Event "Mexico City UNAM Prelim-A (Women)"]
[Site "Mexico City"]
[Date "2012.11.16"]
[Round "1"]
[White "Van Weersel, Arlette"]
[Black "Alexandrova, Olga"]
[Result "0-1"]
[WhiteElo "2168"]
[BlackElo "2409"]
[PlyCount "92"]
[EventDate "2012.11.16"]
[EventType "tourn (rapid)"]
[EventRounds "20"]
[EventCountry "MEX"]
[SourceTitle "CBM 151 Extra"]
[Source "ChessBase"]
[SourceDate "2012.12.18"]
[SourceVersion "1"]
[SourceVersionDate "2012.12.18"]
[SourceQuality "1"]

1. e4 e6 2. d4 d5 3. Nc3 dxe4 4. Nxe4 Nd7 5. Nf3 Ngf6 6. Bd3 Nxe4 7. Bxe4 Nf6 8. Bd3 c5 9. dxc5 Bxc5 10. 0-0 0-0 11. Bg5 Qc7 12. Nd2 Be7 13. Qf3 Nd5 14. Bxe7 Qxe7 15. c4 Nb4 16. Bb1 Nc6 17. Be4 Bd7 18. Rad1 Rad8 19. b3 f5 20. Bb1 e5 21. Rfe1 e4 22. Qc3 Qc5 23. Nf1 Be6 24. Ne3 a5 25. Rd2 Rxd2 26. Qxd2 Rd8 27. Qe2 g6 28. Nd1 Qd4 29. Ne3 Qd2 30. Kf1 Kf7 31. Rd1 Qxe2+ 32. Kxe2 Rxd1 33. Nxd1 Kf6 34. Nc3 Ke5 35. h4 Nd4+ 36. Ke3 f4+ 37. Kd2 Bf5 38. g4 Bxg4 39. Bxe4 Bf3 40. Kd3 b6 41. Bd5 h5 42. Bf7 g5 43. hxg5 h4 44. g6 Nf5 45. Ne2 h3 46. Ng1 Be4+ 0-1

[Event "Olympiad Women-40"]
[Site "Istanbul"]
[Date "2012.09.09"]
[Round "11.2"]
[White "Khotenashvili, Bela"]
[Black "Alexandrova, Olga"]
[Result "0-1"]
[WhiteElo "2509"]
[BlackElo "2417"]
[PlyCount "98"]
[EventDate "2012.08.28"]
[EventType "team-swiss"]
[EventRounds "11"]
[EventCountry "TUR"]
[SourceTitle "CBM 150 Extra"]
[Source "ChessBase"]
[SourceDate "2012.10.19"]
[SourceVersion "1"]
[SourceVersionDate "2012.10.19"]
[SourceQuality "1"]
[WhiteTeam "Georgia (W)"]
[BlackTeam "Spain (W)"]
[WhiteTeamCountry "GEO"]
[BlackTeamCountry "ESP"]

1. d4 Nf6 2. c4 e6 3. Nf3 b6 4. a3 Ba6 5. Qb3 Be7 6. Nc3 Bb7 7. d5 c6 8. e4 exd5 9. e5 Ne4 10. cxd5 Nxc3 11. Qxc3 cxd5 12. Bd3 Nc6 13. 0-0 0-0 14. Qc2 h6 15. Qe2 Re8 16. Bb1 Bf8 17. Qd3 g6 18. Re1 Re6 19. Bf4 d6 20. Ba2 dxe5 21. Nxe5 Nxe5 22. Bxe5 Bg7 23. Bxg7 Rxe1+ 24. Rxe1 Kxg7 25. h3 Qf6 26. Re2 Rc8 27. Kh2 Qd6+ 28. Qg3 Qxg3+ 29. Kxg3 Kf6 30. Rd2 Ke5 31. h4 f6 32. Re2+ Kd6 33. Kf4 Bc6 34. Bb1 Re8 35. Rd2 Rg8 36. g3 Bd7 37. Ba2 Be6 38. Ke3 g5 39. hxg5 fxg5 40. f4 gxf4+ 41. gxf4 Rg3+ 42. Kf2 Rh3 43. Kg2 Re3 44. Bb1 Bg4 45. Bd3 Re1 46. Rf2 Re3 47. Rd2 h5 48. Bc4 Be6 49. Ba2 a5 0-1